Diseño de un modelo de programación de la producción y manejo de inventarios en la empresa Metálica Imperio
Сохранить в:
| Главный автор: | |
|---|---|
| Формат: | |
| Опубликовано: |
[San José, Costa Rica]
2009
|
| Предметы: | |
| Метки: |
Добавить метку
Нет меток, Требуется 1-ая метка записи!
|
MARC
| LEADER | 00000nam a2200000Ia 4500 | ||
|---|---|---|---|
| 003 | 001493 | ||
| 005 | 20221231144044.0 | ||
| 008 | 140114s2009 cr a 000 ||s d | ||
| 040 | |c cru CEDI | ||
| 090 | |a TFG 6010 | ||
| 100 | |a Ulloa Carazo, Randall |9 3468 | ||
| 245 | |a Diseño de un modelo de programación de la producción y manejo de inventarios en la empresa Metálica Imperio | ||
| 260 | |c 2009 |b [San José, Costa Rica] | ||
| 300 | |a 129 hojas; ilustraciones | ||
| 500 | |a Proyecto de graduación (licenciatura en ingeniería industrial)--Universidad de Costa Rica. Facultad de Ingeniería. Escuela de Ingeniería Industrial | ||
| 650 | |x METALICA IMPERIO (COSTA RICA) |x PROGRAMACION DE LA PRODUCCION |x DISEÑO |x PLANIFICACION DE LA PRODUCCION |x CONTROL DE INVENTARIOS |x GESTION INDUSTRIAL |x ADMINISTRACION DE LA PRODUCCION |x MUEBLES EN METAL |x CONTROL DE LA PRODUCCION |9 3469 | ||
| 942 | |c TFG | ||
| 999 | |c 16218 |d 16218 | ||
